000
00395nam a2200133Ia 4500
008
100328s9999 xx 000 0 und d
082
_b
66161
100
_a
सावंत वि.कृ.
245
_a
बकुळीची फुलं.
260
_b
माुश्री.
630
_a
बकुळीची फुलं.
730
_a
बकुळीची फुलं.
942
_c
BOOK
999
_c
551905
_d
551902